| 000 | 00908cam a22002653a 4500 | ||
|---|---|---|---|
| 001 | 5675 | ||
| 003 | PGUSA | ||
| 005 | 20140828083123.0 | ||
| 008 | 040501s2004||||xxu|||||s|||||000 d eng d | ||
| 040 |
_aPGUSA _beng |
||
| 042 | _adc | ||
| 050 | 4 | _aPR | |
| 100 | 1 |
_aMilne, A. A. _q(Alan Alexander), _d1882-1956 |
|
| 245 | 1 | 4 |
_aThe Holiday Round _h[electronic resource] / _cA. A. Milne |
| 260 |
_bProject Gutenberg, _c2004 |
||
| 505 | 0 | _aHoliday time -- The house-warming -- At play -- Two stories -- An odd lot -- Little plays for amateurs -- A chapter of accidents -- Stories of successful lives -- A few friends -- Epilogue. | |
| 506 | _aPublic domain in the USA. | ||
| 516 | _aElectronic text | ||
| 653 | _aFiction | ||
| 653 | _aHumorous stories, English | ||
| 653 | _aShort stories, English | ||
| 830 | 0 |
_aProject Gutenberg _v5675 |
|
| 856 | 4 | 0 | _uhttp://www.gutenberg.org/ebooks/5675 |
| 942 | _cEB | ||
| 999 |
_c235003 _d235003 |
||